000 00897nam a22002897a 4500
003 CHAP
005 20220329140550.0
008 971013s1965 r 00010 d
010 _a54040
011 _a55012
035 _a59164
040 _cCHAP
082 _a551.59
_bS45
100 0 0 _aSellers, William D.
_9103811
245 _aPhysical climatology
260 _aChicago :
_bUniversity of Chicago Press,
_c1965
300 _a272 p.
_b: ilus.
590 _aBATCH-UPD
_b10
_c20130110
_lUCH01
_h0705
590 _aBATCH-UPD
_b10
_c20130410
_lUCH01
_h0350
590 _aBATCH-UPD
_b10
_c20130914
_lUCH01
_h0949
590 _aCONVERSION
_b10
_c20130109
_lUCH01
_h1329
650 1 4 _aClimatologĂ­a.
_923864
901 _aBK
942 _cLIBRO
949 _a551.59 S45
_bBC
_cLIBRO
_d33724000461349
_eLIBRO
_fc.2
_h29609
_i59164
_si
949 _a551.59 S45
_bBC
_cLIBRO
_d33724000461356
_eLIBRO
_h11983
_i59164
_si
999 _c54040
_d54040